Punchline - Werenoi - Statistiques

Statistiques générales
  • Ce quiz a été pris 358 fois
  • Le résultat moyen est 14 sur 25
Statistiques - réponses
Punchline Réponse % Correct
J'dois m'vider le cœur, j'dois remplir le cahier Me dit plus "je t'aime", me dis pas "I love you" Poney
92%
On rit, on pleure, on vit, on meurt On veut toute la ville comme le maire Jamal
74%
T'aimes le luxe et les lovés, j'suis mauvais, j'vais rien te donner À 200 sur le compteur, copine, j'vais te casser ton cœur La league
74%
Ils parleront sur mon dos, mais ça je l'sais (ça je l'sais, carré) Tu m'as vu faire, tu leur dit que j'mens, on fait des briques où y a plein d'ciment Maudit
73%
C'est souvent ceux que t'apprécies qui veulent te monter d'ssus, donc, j'suis devenu très mauvais, par peur d'être déçu Pétunias
71%
Elle a pas d'sentiments, veut l'bénef même le dimanche Elle veut sac Goyard, elle veut plus Louis Vuitton, elle est parti voir ailleurs quand t'as pris huit ans Tu connais
70%
2K23, c'est mort, j'arrache fort comme si j'avais zéro thunes Et vu les montants qu'y a sur les contrats, j'vais les signer au stylo plume 10.03.2023
69%
J'ai plus d'vingt balles en habits sur moi et plus d'vingt ans d'amitié sournoise Tu parles de Werenoi mais dis-moi, tu t'es basé sur quoi? Location
67%
J'mets l'plein, j'prends l'périph' sans permis J'prends mes couilles, j'suis la pire des vermines Scarface
67%
Gros moteur, V10 sur les Champs, crie plus fort que ton escorte J'gagne des sommes, je perds du sang, c'est bre-som, fermez les stores C63
66%
Quatre raclis dans quatre anneaux, c'est carré, j'n'ai pas le temps mais j'ai quatre montres Faut pas lui passer l'anneau, Y a un fossé entre c'qu'elle fait et c'qu'elle te montre Maison hantée
58%
Cash, espèce, mais j'ai perdu des gouttes de makila J'appuie sur la gâchette, le terrain glisse, un peu comme à la patinoire Cordillère
57%
Quatre piranhas dans un Q2, t'as prié Dieu pour qu'ça s'arrête Ma gueule, d'où je viens, on mange des requins avec les arêtes Laboratoire
55%
Et si l'prix du poignet, dépasse les 50k Elle va vite s'attacher, elle va plus s'éloigner Saison
53%
Tu dépenses beaucoup de papier pour ta meuf Tu devrais faire la même chose pour ta mère Virus
47%
Des gamos des armes et tu te crois dans un film Vérifie c'que l'on fait et c'que l'on dit L'humain est traître, arrogant et avide, renoi demain, tu peux perdre la vie FBI
46%
Si tu sais pas d'où vient la maladie, c'est que t'es la bactérie 20 000 euros et j'te fais disparaître comme le BlackBerry Télépherique
46%
J'vois l'bout du tunnel en grosse caisse, sous un pont J'savoure mon succès, mais, vu qu'c'est payant, c'est moins bon First
44%
Même si c'est des fruits pourris J'peux couper la poire en deux Dans un verre
43%
J'suis solitaire, mais pas tout seul, y a les suiveurs et les faux frères Qui veulent ma place, qui veulent mon blé, me voir à terre Moteur brulant
41%
On veut le salaire à Sa-alah J'fais la salade, pas la salat, mec J'arrêterai quand j's'rai face à la Mecque Ordinateur
41%
Ma personnalité vous dis qui je suis Mais mon attitude dépend de qui vous êtes Intro rolex
40%
Et vu le prix de vol, je n'peux pas rater le vol On est bresom derrière la vitre sans teints, elle est mignonne le matin sans fond d'teint Gulfstream
34%
J'ai un cœur introuvable comme un cyborg Glisse, tu vas chercher l'aiguille dans du ciment Tu veux faire la guerre avec dix balles? C'est mort, comme la roulette russe avec six balles Magot
33%
Ne fais pas l'caïd, on monte chez toi Rasé comme Rédoine Faïd Senor de los gallos
33%
Aucun quiz correspondant
Distribution des résultats
% des personnes avec chaque résultat
Percentile par nombre de réponses
Votre historique - résultats
Vous n’avez pas pris ce quiz